LEADER 01404nam a2200301 u 4500 001 000000039420 003 CaOOAMICUS 005 20100621123331.0 008 980513s1908 gw u000 u lat u 035 $a10794316 040 $aPUL(R)$bita 130 0 $aCorpus iuris civilis$pInstitutiones.$0(OLS)http://pul/title/153962 245 10$aCorpus iuris civilis.$n1,$pInstitutiones /$crecognovit Paulus Kreuger; Digesta recognovit Theodorus Mommsen, retractavit Paulus Krueger. 260 $aBerolini :$bWeidmannos,$c1908. 300 $a959 p. ;$c25 cm 500 $aInclude indici. 500 $aEd. stereotypa undecima. 630 04$aCorpus iuris civilis$pInstitutiones.$0(OLS)http://pul/subject/37001 650 4$aDiritto romano$xFonti.$0(OLS)http://pul/subject/1707 700 1 $aKrüger, Paul,$d1840-1926.$0(OLS)http://pul/name/6126 700 1 $aMommsen, Theodor,$d1817-1903.$0(OLS)http://pul/name/4019 850 $aPUL 852 $aPUL$W1$xDP1 Diritto e Scienze Sociali 2$y90$mApudBibl B 1$j53643$nBK-PRI$b $qStampati altre collocazioni$B53643$CPULBib$Z2$F53643 $H $81 930 0 $aInstitutiones (Corpus iuris civilis ) 941 1 $a10 960 $aInstitutiones (Corpus iuris civilis)$937001 996 $6245$aCorpus iuris civilis.$n1,$pInstitutiones$9(OLS)http://pul/title/53363 996 $6260$aBerolini :$bWeidmannos$9(OLS)http://pul/publisher/64013 LEADER 01939nam a2200397 a 4500 001 000000151368 003 CaOOAMICUS 005 20160419160623.0 008 160419s2016 it u000 u ita r 020 $a978-88-548-8871-5* 032 $aLibriCat 040 $aPUL$bita 082 14$a170 110 2 $aIstituto internazionale di teologia pastorale sanitaria Camillianum.$0(OLS)http://pul/name/85272 245 11$a"Fratelli per caso" :$blibertà riproduttiva e diritti dei figli: atti del convegno del Camillianum, 19-20maggio 2015 /$ca cura di Palma Sgreccia ; José Michel Favi ; contributi di Manuel J. Arroba Conde ...[et al.]. 260 $aRoma :$bAracne,$c©2016. 300 $a206 p. ;$c21 cm. 490 1 $aSalute e salvezza (Aracne) ;$v1 504 $aBibliografia in nota a piè pagina. 650 4$aEtica medica.$0(OLS)http://pul/subject/38158 650 4$aEtica sociale.$0(OLS)http://pul/subject/548 700 1 $aCozzoli, Mauro,$d1946-$0(OLS)http://pul/name/38463 700 1 $aSgreccia, Palma.$0(OLS)http://pul/name/75647 700 1 $aArroba Conde, Manuel Jesus,$cC.M.F.,$d1957-$0(OLS)http://pul/name/8411 700 1 $aFavi, José Michael.$0(OLS)http://pul/name/89789 700 1 $aRiondino, Michele.$0(OLS)http://pul/name/78220 830 0$aSalute e salvezza (Aracne) ;$v1.$0(OLS)http://pul/title/190604 850 $aPUL 852 $aPUL$W1$xSL Filosofia 3$y81$m170 SGRPA 1$j173858$qDDC 21$B176319$CPULBib$Z2$F176319 $H151368 $81 910 $aCamillianum$985272 941 1 $a9 996 $6020$a978-88-548-8871-5*$9(OLS)http://pul/number/160299 996 $6082$a170$9(OLS)http://pul/classification/380 996 $6245$a"Fratelli per caso" :$blibertà riproduttiva e diritti dei figli: atti del convegno del Camillianum, 19-20maggio 2015$9(OLS)http://pul/title/190603 996 $6260$aRoma :$bAracne$9(OLS)http://pul/publisher/62189